000 01064nam a2200325 i 4500
001 15874544
003 EG-ScBUE
005 20250701085807.0
008 090820t2011 cau f 001 0 eng d
020 _a0538733640
020 _a9780538733649
040 _aDLC
_beng
_erda
_cDLC
_dEG-ScBUE
082 _a540
_bBRO
_222
100 1 _aBrown, Lawrence S.,
_eauthor.
_920630
245 1 0 _aChemistry for Engineering Students /
_cLawrence S. Brown, Texas A&M University, Thomas A. Holme, Lowa State University.
250 _aSecond edition.
250 _aInternational edition.
264 1 _aBelmont, CA :
_bBrooks/Cole Cengage Learning,
_c[2011]
264 4 _cc2011
300 _a578 pages :
_billustrations (chiefly color) ;
_c29 cm
336 _2rdacontent
_atext
_btxt
337 _aunmediated
_2rdamedia
_bn
338 _avolume
_bnc
_2rdacarrier
500 _aIncludes index.
650 7 _920629
_aChemistry
_vTextbooks.
_2BUEsh
655 _vReading book
700 1 _920628
_aHolme, Thomas A.,
_eauthor.
942 _2ddc
_cNB
999 _c14792
_d14792